000 01247 a2200265 4500
003 Nust
005 20221117145050.0
010 _a 2008046915
020 _a0240809955 (pbk. : alk. paper)
020 _a9780240809953 (pbk. : alk. paper)
035 _a(OCoLC)ocn264041461
040 _cNust
082 0 0 _a621.31924,CAD
100 1 _aCadena, Richard.
_9102915
245 1 0 _aElectricity for the entertainment electrician & technician /
_cRichard Cadena.
260 _aAmsterdam ;
_aBoston :
_bElsevier/Focal Press,
_cc2009.
300 _axxiv, 245 p. :
_bill. ;
_c24 cm.
505 _a The Theory of Electricity (Page-1), Electrical Concepts (Page-11), DC Electricity (Page-21), AC Electricity (Page-31), Circuit Elements (Page-59), AC Power (Page-83), Electrical Safety (Page-95), Grounding / Earthling (Page-105), Over current and Undercurrent Protection (Page-117), Power Distribution Systems (Page-131), Dimming Systems (Page-147), Best Practices, Codes, and Regulations(Page-165).
650 0 _aElectric circuits.
_910997
650 0 _aElectric wiring, Indoor.
_9102916
650 0 _aLeisure industry
_xElectric equipment.
_9102917
650 0 _aStage lighting.
_9102918
650 0 _aTelecommunication Engineering
942 _2ddc
_cBK
999 _c189386
_d189386